000 00291nam a22001217a 4500
008 171019b xxu||||| |||| 00| 0 eng d
041 _aeng
080 _a338
100 _a53
101 _amng
245 _aPROTECTING PROFITS DURING INFLATION AND RECESSION
_cBRADWAY, B.M
942 _2udc
_cBK
999 _c34867
_d34867